000
00330nam a2200145Ia 4500
008
100122s9999 xx 000 0 und d
082
_b
60176
_a
823
100
_a
MARTINI STEVE
245
_a
THE JURY
260
_b
HEADLINE BOOK PUBLISHING
_c
2001
300
_a
311
630
_a
THE JURY
730
_a
THE JURY
942
_c
BOOK
999
_c
377876
_d
377873